[Event "BEL-ch U16"]
[Site "Blankenberge"]
[Date "2015.04.17"]
[Round "8"]
[White "Meulenyzer, Alan"]
[Black "Dumont, Thomas"]
[Result "1/2-1/2"]
[WhiteElo "1457"]
[BlackElo "1386"]
[PlyCount "95"]
[EventDate "2015.04.12"]
[EventType "swiss"]
[EventRounds "9"]
[EventCountry "BEL"]
[SourceTitle "CBM 166 Extra"]
[Source "ChessBase"]
[SourceDate "2015.06.18"]
[SourceVersion "1"]
[SourceVersionDate "2015.06.18"]
[SourceQuality "1"]

1. e4 e5 2. Nf3 Nf6 3. Nxe5 d6 4. Nf3 Nxe4 5. Nc3 Nxc3 6. dxc3 Be7 7. Bd3 Be6 8. Be3 Nc6 9. Qe2 0-0 10. 0-0-0 Bg4 11. h3 Bxf3 12. Qxf3 a5 13. a4 Rb8 14. Bf4 g6 15. Be4 Bg5 16. g4 Ne5 17. Qg3 Bxf4+ 18. Qxf4 b5 19. h4 bxa4 20. h5 Qd7 21. hxg6 fxg6 22. Bd5+ Kh8 23. Qg5 Nf3 24. Bxf3 Rxf3 25. Qd5 Rbf8 26. Rdf1 Qxg4 27. Qxa5 Qf4+ 28. Kb1 Qc4 29. Rfg1 Rxf2 30. Qg5 Rf1+ 31. Rxf1 Rxf1+ 32. Rxf1 Qxf1+ 33. Ka2 Qc4+ 34. Kb1 Kg7 35. Qe7+ Qf7 36. Qe4 h5 37. Qxa4 g5 38. Qe4 h4 39. Qg4 Kh6 40. b4 Qf1+ 41. Kb2 h3 42. Qe6+ Kh5 43. Qe8+ Kg4 44. Qd7+ Kg3 45. Qxc7 h2 46. Qxd6+ Kh3 47. Qh6+ Kg2 48. Qxg5+ 1/2-1/2

[Event "BEL-ch U14"]
[Site "Blankenberge"]
[Date "2014.04.13"]
[Round "1"]
[White "Dumont, Thomas"]
[Black "De Coninck, Erik"]
[Result "0-1"]
[WhiteElo "1150"]
[BlackElo "1637"]
[PlyCount "88"]
[EventDate "2014.04.??"]
[EventType "swiss"]
[EventRounds "9"]
[EventCountry "BEL"]
[SourceTitle "EXT 2015"]
[Source "ChessBase"]
[SourceDate "2014.11.20"]
[SourceVersion "1"]
[SourceVersionDate "2014.11.20"]
[SourceQuality "1"]

1. d4 Nf6 2. Nf3 d6 3. Bf4 g6 4. e3 Bg7 5. Bd3 0-0 6. h3 Nbd7 7. Nbd2 Re8 8. 0-0 e5 9. dxe5 dxe5 10. Bg5 h6 11. Bxf6 Qxf6 12. e4 Nc5 13. Nc4 b5 14. Ncxe5 Rxe5 15. Nxe5 Qxe5 16. Rb1 a6 17. a3 Bb7 18. f3 Rd8 19. Qe2 Nxd3 20. cxd3 Qd4+ 21. Kh1 Qxd3 22. Qxd3 Rxd3 23. Kg1 Bd4+ 24. Kh2 Rd2 25. b3 Be5+ 26. Kg1 Bc8 27. Rbd1 Rxd1 28. Rxd1 Be6 29. Rd8+ Kg7 30. Ra8 Bxb3 31. Rxa6 Bd6 32. Ra5 Ba4 33. Kf1 Bxa3 34. Ke2 Bc5 35. Kd3 Kf6 36. g3 Bb6 37. Ra8 Ke7 38. g4 c5 39. Rh8 c4+ 40. Kc3 Ba5+ 41. Kb2 c3+ 42. Kc1 c2 43. Ra8 Bb6 44. Rh8 Be3+ 0-1